[Event "Tata Steel India Rapid"]
[Site "Kolkata IND"]
[Date "2026.01.07"]
[Round "1.1"]
[White "Anand, Viswanathan"]
[Black "So, Wesley"]
[Result "1-0"]
[WhiteTitle "GM"]
[BlackTitle "GM"]
[WhiteElo "2743"]
[BlackElo "2753"]
[WhiteFideId "5000017"]
[BlackFideId "5202213"]
[EventDate "2026.01.07"]

1. e4 c6 2. d4 d5 3. e5 Bf5 4. Nd2 e6 5. Nb3 Nd7 6. Nf3 a6 7. Be2 c5 8. dxc5
Bxc5 9. Nxc5 Nxc5 10. O-O Ne7 11. Nd4 Be4 12. Be3 Qc7 13. f4 Nf5 14. Nxf5 exf5
15. c3 Rc8 16. a4 O-O 17. a5 Qc6 18. Rf2 h6 19. Bf1 Ne6 20. Ra4 Qc7 21. Bb6 Qe7
22. Rb4 g5 23. fxg5 hxg5 24. g3 Rc6 25. Bg2 Ng7 26. Bd4 Rfc8 27. Be3 Rg6 28. Bd4
f4 29. Qe2 Bxg2 30. Rxg2 Ne6 31. Bb6 Kg7 32. Qd3 d4 33. Bxd4 g4 34. gxf4 Nxf4
35. Qf5 Nh3+ 36. Kf1 Rg8 37. e6+ Kh6 38. Be3+ Ng5 39. h4 Kg7 40. hxg5 1-0

[Event "Tata Steel India Rapid"]
[Site "Kolkata IND"]
[Date "2026.01.07"]
[Round "1.2"]
[White "Wei, Yi"]
[Black "Nihal, Sarin"]
[Result "1/2-1/2"]
[WhiteTitle "GM"]
[BlackTitle "GM"]
[WhiteElo "2754"]
[BlackElo "2716"]
[WhiteFideId "8603405"]
[BlackFideId "25092340"]
[EventDate "2026.01.07"]

1. d4 d5 2. c4 c6 3. e3 Nf6 4. Nc3 a6 5. Nf3 Bf5 6. Bd2 e6 7. Qb3 Ra7 8. Nh4 Be4
9. cxd5 cxd5 10. f3 Bg6 11. O-O-O Nc6 12. Nxg6 hxg6 13. Kb1 Be7 14. Bd3 O-O 15.
Ne2 b5 16. g4 Na5 17. Bxa5 Qxa5 18. g5 Ne8 19. h4 Nd6 20. h5 gxh5 21. Rxh5 g6
22. Rh2 Bxg5 23. Rdh1 Rc8 24. Rh8+ Kg7 25. R1h7+ Kf6 26. Rxc8 Nxc8 27. f4 Qe1+
28. Nc1 Bxf4 29. exf4 Rc7 30. Bc2 Nd6 31. Rh2 Ne4 32. Qd3 Rc4 33. Re2 Qg1 34.
Qh3 Ke7 35. Qa3+ Nd6 36. b3 Rc6 37. Qb4 a5 38. Qd2 b4 39. Qe3 Qxe3 40. Rxe3 Nb5
41. Kb2 Nxd4 42. Bd3 Rc3 43. Re1 f5 44. Rd1 Kf6 45. Bb1 Nb5 46. Bd3 Nd4 47. Bb1
Nc6 48. Nd3 g5 49. fxg5+ Kxg5 50. a3 d4 51. axb4 axb4 52. Nxb4 Nxb4 53. Rxd4 Nd5
54. Rxd5 Rxb3+ 55. Kxb3 exd5 56. Kc3 d4+ 57. Kxd4 Kf6 58. Bxf5 1/2-1/2

[Event "Tata Steel India Rapid"]
[Site "Kolkata IND"]
[Date "2026.01.07"]
[Round "1.3"]
[White "Erigaisi, Arjun"]
[Black "Vidit, Santosh Gujrathi"]
[Result "0-1"]
[WhiteTitle "GM"]
[BlackTitle "GM"]
[WhiteElo "2775"]
[BlackElo "2708"]
[WhiteFideId "35009192"]
[BlackFideId "5029465"]
[EventDate "2026.01.07"]

1. e4 e5 2. Nf3 Nc6 3. Bc4 Bc5 4. c3 Nf6 5. d3 d6 6. O-O a6 7. a4 Ba7 8. Re1 O-O
9. h3 h6 10. Nbd2 Re8 11. b4 Be6 12. Bxe6 Rxe6 13. Qc2 Qd7 14. Rb1 Ne7 15. d4
Ng6 16. d5 Ree8 17. c4 c6 18. b5 axb5 19. axb5 Qc7 20. Qb2 Nd7 21. Nb3 cxb5 22.
cxb5 Qc4 23. Qe2 Rec8 24. Qxc4 Rxc4 25. Ra1 Rb4 26. Nfd2 Rxb5 27. Re3 f5 28. Kf1
fxe4 29. Rxe4 Nb6 30. g3 Ne7 31. Ra5 Rxd5 32. Ba3 Rxa5 33. Nxa5 Bb8 34. Bb4 Nc6
35. Nxb7 d5 36. Rg4 Nd7 37. Bd6 Nf6 38. Rh4 Nd4 39. Bc5 Ne6 40. Rb4 d4 41. Rb6
Ra1+ 42. Ke2 Nxc5 43. Nxc5 Ba7 44. Ra6 Rxa6 45. Nxa6 e4 46. Nb4 d3+ 47. Kf1 Kf7
48. Nc6 Bb6 49. f3 e3 50. Nc4 d2 51. Ke2 Nd5 52. Nxd2 exd2 53. Kxd2 Bf2 54. g4
Nf4 55. h4 Bxh4 56. Ke3 Bg5 57. Ke4 Ne2 58. Kd5 Kf6 59. Nb8 Bf4 60. Nd7+ Kg5 61.
Nf8 Kh4 62. Ne6 g6 63. Nf8 g5 64. Ne6 Kg3 65. Ke4 Kf2 66. Kf5 Kxf3 67. Kg6 Kxg4
68. Kxh6 Be3 69. Nxg5 Bxg5+ 70. Kg6 Nf4+ 71. Kf7 Kf5 72. Ke8 Ke6 73. Kf8 Ng6+
74. Ke8 Ne5 75. Kf8 Kd7 76. Kg7 Ke7 77. Kg8 Ng6 78. Kg7 Nf4 79. Kg8 Ne6 80. Kh7
Kf7 81. Kh8 Bf4 0-1

[Event "Tata Steel India Rapid"]
[Site "Kolkata IND"]
[Date "2026.01.07"]
[Round "1.4"]
[White "Niemann, Hans Moke"]
[Black "Murzin, Volodar"]
[Result "1-0"]
[WhiteTitle "GM"]
[BlackTitle "GM"]
[WhiteElo "2725"]
[BlackElo "2652"]
[WhiteFideId "2093596"]
[BlackFideId "44155573"]
[EventDate "2026.01.07"]

1. e4 e6 2. d4 d5 3. Nc3 Nf6 4. e5 Nfd7 5. f4 c5 6. Nf3 Nc6 7. Be3 a6 8. Qd2 b5
9. Be2 Qb6 10. Nd1 b4 11. c4 cxd4 12. Nxd4 Nxd4 13. Bxd4 Bc5 14. Bxc5 Nxc5 15.
cxd5 Bb7 16. Ne3 Ne4 17. Qd3 Bxd5 18. O-O O-O 19. Rfd1 Bc4 20. Qxe4 Bxe2 21. Rd6
Qb5 22. Kf2 Rac8 23. Qd4 a5 24. a4 bxa3 25. Rxa3 Bh5 26. g4 Bxg4 27. Nxg4 Rc2+
28. Kg3 Qf1 29. Rd8 Qe1+ 30. Kh3 Qf1+ 31. Kh4 g6 32. Rxf8+ Kxf8 33. Qd8+ Kg7 34.
Qf6+ Kf8 35. Qh8+ Ke7 36. Rb3 Qe1+ 37. Kg5 h6+ 38. Kxh6 Qh4+ 39. Kg7 1-0

[Event "Tata Steel India Rapid"]
[Site "Kolkata IND"]
[Date "2026.01.07"]
[Round "1.5"]
[White "Aravindh, Chithambaram VR."]
[Black "Praggnanandhaa, R"]
[Result "1/2-1/2"]
[WhiteTitle "GM"]
[BlackTitle "GM"]
[WhiteElo "2700"]
[BlackElo "2758"]
[WhiteFideId "5072786"]
[BlackFideId "25059530"]
[EventDate "2026.01.07"]

1. e4 c6 2. d4 d5 3. exd5 cxd5 4. Nf3 Nc6 5. c3 Bf5 6. Qb3 Qd7 7. Nh4 Be6 8. f4
g6 9. Bd3 Nh6 10. O-O Bg7 11. Nd2 O-O 12. Ndf3 Nf5 13. Nxf5 Bxf5 14. Bxf5 Qxf5
15. Qxb7 Rfc8 16. Ne5 Rab8 17. Qa6 Rb6 18. Qe2 Na5 19. g4 Qe4 20. Re1 Qxe2 21.
Rxe2 e6 22. f5 exf5 23. gxf5 Re8 24. Kf1 Bxe5 25. dxe5 Nc4 26. Bf4 Nxb2 27. Rd2
gxf5 28. Rxd5 Rc8 29. Ke2 Na4 30. Rg1+ Kf8 31. Rd6 Nxc3+ 32. Kd3 Ne4 33. Rxb6
axb6 34. Rb1 Ra8 35. Rxb6 Rxa2 36. Rh6 Nc5+ 37. Kc3 Ne6 38. Bd2 Kg7 39. Rf6 Ra3+
40. Kc4 Rf3 41. Bh6+ Kg8 42. h4 Rh3 43. Bg5 Rf3 44. Kd5 Rd3+ 45. Kc4 Rf3 46. Kd5
h5 47. Kd6 f4 48. Ke7 Nxg5 49. hxg5 Re3 50. Rxf4 Rxe5+ 51. Kf6 Re1 52. Rf3 Rg1
53. Rh3 Rf1+ 54. Ke5 Kg7 55. Rxh5 Kg6 56. Rh8 Kxg5 57. Rg8+ Kh5 58. Ke4 Rf6 59.
Ke5 Rf1 60. Ke4 f6 61. Rg7 Kh4 62. Rg8 f5+ 63. Ke3 Kh3 64. Rg7 Kh2 65. Rh7+ Kg3
66. Rg7+ Kh4 67. Rg8 Re1+ 68. Kf4 Rf1+ 69. Ke3 Re1+ 70. Kf4 1/2-1/2

[Event "Tata Steel India Rapid"]
[Site "Kolkata IND"]
[Date "2026.01.07"]
[Round "2.1"]
[White "So, Wesley"]
[Black "Murzin, Volodar"]
[Result "1-0"]
[WhiteTitle "GM"]
[BlackTitle "GM"]
[WhiteElo "2753"]
[BlackElo "2652"]
[WhiteFideId "5202213"]
[BlackFideId "44155573"]
[EventDate "2026.01.07"]

1. e4 e5 2. Nf3 Nc6 3. Bc4 Nf6 4. d4 exd4 5. e5 Ne4 6. Qe2 Nc5 7. O-O Ne6 8.
Bxe6 dxe6 9. Rd1 b6 10. Be3 Bb7 11. Nc3 Bc5 12. Nb5 O-O 13. Bg5 Be7 14. Bxe7
Qxe7 15. Nfxd4 Nxd4 16. Rxd4 a6 17. Nc3 Rad8 18. Rad1 Rxd4 19. Rxd4 Rd8 20.
Rxd8+ Qxd8 21. Qe3 h6 22. f3 Kf8 23. g3 Qd7 24. Kf2 Qc6 25. h4 h5 26. a3 Ke8 27.
Ke2 Qc4+ 28. Qd3 Qc5 29. Qe3 Qc4+ 30. Kf2 Qc6 31. b4 Qd7 32. Qd3 Qc6 33. Ne2 g6
34. Nc3 Ke7 35. Ne4 Qd5 36. Qc3 Qd8 37. Nf6 Bc6 38. Ke3 Ba4 39. Qd3 Qa8 40. Kf4
Qc6 41. Ng8+ Ke8 42. Nf6+ Ke7 43. c4 Qa8 44. Kg5 Bc6 45. Qd4 Kf8 46. Kh6 Bxf3
47. Qd7 Qb8 48. Nh7+ Kg8 49. Qe7 1-0

[Event "Tata Steel India Rapid"]
[Site "Kolkata IND"]
[Date "2026.01.07"]
[Round "2.2"]
[White "Praggnanandhaa, R"]
[Black "Erigaisi, Arjun"]
[Result "1-0"]
[WhiteTitle "GM"]
[BlackTitle "GM"]
[WhiteElo "2758"]
[BlackElo "2775"]
[WhiteFideId "25059530"]
[BlackFideId "35009192"]
[EventDate "2026.01.07"]

1. c4 Nf6 2. Nc3 g6 3. d4 Bg7 4. e4 d6 5. h3 O-O 6. Be3 e5 7. d5 Nbd7 8. Be2 Nc5
9. Qc2 a5 10. Nf3 Nh5 11. Bxc5 dxc5 12. O-O-O Qe7 13. Kb1 Bd7 14. Nd2 Nf6 15.
Rdg1 Ne8 16. h4 Nd6 17. h5 a4 18. a3 Ra6 19. g3 Rb8 20. Ka1 Qe8 21. Re1 Bf6 22.
Bd3 Qe7 23. f4 Re8 24. hxg6 fxg6 25. f5 Qg7 26. Re2 Nf7 27. g4 Ng5 28. Reh2 Re7
29. Qd1 Qf8 30. Bc2 Qe8 31. Qe2 Rg7 32. Rf1 Qe7 33. Qe3 Rf7 34. Rfh1 Kf8 35. Qe2
Qe8 36. fxg6 Re7 37. gxh7 Bh8 38. Qe3 Qg6 39. Qxc5 c6 40. Rh6 Qg7 41. Bxa4 Ke8
42. dxc6 bxc6 43. Bxc6 1-0

[Event "Tata Steel India Rapid"]
[Site "Kolkata IND"]
[Date "2026.01.07"]
[Round "2.3"]
[White "Nihal, Sarin"]
[Black "Aravindh, Chithambaram VR."]
[Result "1-0"]
[WhiteTitle "GM"]
[BlackTitle "GM"]
[WhiteElo "2716"]
[BlackElo "2700"]
[WhiteFideId "25092340"]
[BlackFideId "5072786"]
[EventDate "2026.01.07"]

1. c4 e5 2. Nc3 Nf6 3. Nf3 Nc6 4. d3 d5 5. cxd5 Nxd5 6. g3 Be7 7. Nxd5 Qxd5 8.
Bg2 Be6 9. O-O Qd7 10. Qa4 O-O 11. Be3 Rfd8 12. Rfd1 Bd5 13. Rac1 a6 14. a3 h6
15. Qc2 f5 16. Bc5 Bxc5 17. Qxc5 Qe6 18. Qc3 Rd6 19. e4 fxe4 20. dxe4 Bxe4 21.
Ng5 hxg5 22. Bxe4 Rad8 23. Rxd6 Rxd6 24. Re1 b5 25. Kg2 Qf6 26. Rc1 Nd4 27. Qxc7
Rd8 28. Qc3 Rf8 29. Qe3 g4 30. Rc5 Nf3 31. Rc6 Qf7 32. Rd6 Kh8 33. Rg6 Qd7 34.
Rxa6 Qd1 35. Rh6+ Kg8 36. Bh7+ Kf7 37. Qa7+ 1-0

[Event "Tata Steel India Rapid"]
[Site "Kolkata IND"]
[Date "2026.01.07"]
[Round "2.4"]
[White "Anand, Viswanathan"]
[Black "Wei, Yi"]
[Result "1/2-1/2"]
[WhiteTitle "GM"]
[BlackTitle "GM"]
[WhiteElo "2743"]
[BlackElo "2754"]
[WhiteFideId "5000017"]
[BlackFideId "8603405"]
[EventDate "2026.01.07"]

1. e4 c5 2. Nf3 d6 3. d4 cxd4 4. Nxd4 Nf6 5. Nc3 a6 6. Be3 e5 7. Nf3 Be7 8. Nd2
b5 9. a4 b4 10. Nd5 Nxd5 11. exd5 O-O 12. Nc4 Nd7 13. a5 Rb8 14. Be2 f5 15. Bb6
Nxb6 16. Nxb6 e4 17. Qd4 b3 18. cxb3 Bf6 19. Qd2 f4 20. Ra4 f3 21. gxf3 exf3 22.
Bxf3 Bxb2 23. Bg4 Qe8+ 24. Kf1 Bxg4 25. Rxg4 Be5 26. Qe2 Qf7 27. Kg2 h5 28. Re4
Qg6+ 29. Kf1 Qf5 30. Rg1 Bxh2 31. Rg2 Be5 32. Qe3 Bf4 33. Qf3 Rbe8 34. Rxe8 Rxe8
35. Rg1 Re5 36. Kg2 Qg5+ 37. Kf1 Qf5 38. Kg2 Qg5+ 39. Kf1 Qh4 40. Rh1 Qg5 1/2-1/2

[Event "Tata Steel India Rapid"]
[Site "Kolkata IND"]
[Date "2026.01.07"]
[Round "2.5"]
[White "Vidit, Santosh Gujrathi"]
[Black "Niemann, Hans Moke"]
[Result "1/2-1/2"]
[WhiteTitle "GM"]
[BlackTitle "GM"]
[WhiteElo "2708"]
[BlackElo "2725"]
[WhiteFideId "5029465"]
[BlackFideId "2093596"]
[EventDate "2026.01.07"]

1. d4 Nf6 2. c4 e6 3. Nf3 d5 4. g3 Bb4+ 5. Bd2 Be7 6. Bg2 O-O 7. O-O Nbd7 8. Qc2
c6 9. Bf4 a5 10. Rd1 b6 11. Nc3 Ba6 12. Ne5 Rc8 13. e4 dxc4 14. d5 Nxe5 15. Bxe5
cxd5 16. exd5 Qd7 17. a4 Rfd8 18. dxe6 Qxe6 19. Re1 Bc5 20. Bc7 Qxe1+ 21. Rxe1
Rxc7 22. Bf3 Rcd7 23. Rd1 Rd3 24. Be2 Rxd1+ 25. Nxd1 g6 26. Ne3 Bxe3 27. fxe3
Re8 28. Qd2 c3 29. Qxc3 Bxe2 30. Qxf6 Re6 31. Qd8+ Kg7 32. Qd4+ Kg8 33. Qd8+ Kg7
34. Qd4+ Kg8 1/2-1/2

[Event "Tata Steel India Rapid"]
[Site "Kolkata IND"]
[Date "2026.01.07"]
[Round "3.1"]
[White "Niemann, Hans Moke"]
[Black "Praggnanandhaa, R"]
[Result "1-0"]
[WhiteTitle "GM"]
[BlackTitle "GM"]
[WhiteElo "2725"]
[BlackElo "2758"]
[WhiteFideId "2093596"]
[BlackFideId "25059530"]
[EventDate "2026.01.07"]

1. e4 c6 2. d4 d5 3. e5 Bf5 4. Nf3 e6 5. Be2 Nd7 6. O-O a5 7. Nc3 a4 8. Bd2 a3
9. b3 h6 10. Rc1 Ne7 11. h3 Bg6 12. Re1 Nf5 13. Bd3 Be7 14. Ne2 c5 15. Nf4 Bh7
16. c4 dxc4 17. Bxc4 cxd4 18. Bxe6 O-O 19. Bd5 Nc5 20. e6 fxe6 21. Bxe6+ Kh8 22.
Ne5 Nxe6 23. Nxe6 Qd5 24. Nc7 Qd8 25. Nxa8 Qxa8 26. Rc7 b5 27. Rxe7 Nxe7 28. Bb4
Re8 29. Nf7+ Kg8 30. Nd6 1-0

[Event "Tata Steel India Rapid"]
[Site "Kolkata IND"]
[Date "2026.01.07"]
[Round "3.2"]
[White "Murzin, Volodar"]
[Black "Vidit, Santosh Gujrathi"]
[Result "1/2-1/2"]
[WhiteTitle "GM"]
[BlackTitle "GM"]
[WhiteElo "2652"]
[BlackElo "2708"]
[WhiteFideId "44155573"]
[BlackFideId "5029465"]
[EventDate "2026.01.07"]

1. e4 e5 2. Nf3 Nc6 3. Bc4 Bc5 4. c3 Nf6 5. d3 d6 6. O-O a6 7. Bg5 h6 8. Bh4 Ba7
9. a4 g5 10. Bg3 O-O 11. Nbd2 Kg7 12. Re1 g4 13. Nh4 Nh5 14. Nf1 Qg5 15. Ne3
Bxe3 16. Rxe3 Nf4 17. d4 Ng6 18. Nxg6 fxg6 19. dxe5 dxe5 20. Qe2 h5 21. f3 h4
22. Be1 Qh5 23. Qf2 g5 24. Bd2 Qg6 25. Rf1 Nd8 26. Rd3 Ne6 27. a5 gxf3 28. Bxe6
Bxe6 29. Rxf3 Rxf3 30. Qxf3 Rd8 31. Qe3 g4 32. Be1 g3 33. Qc5 Qg5 34. Qxc7+ Rd7
35. Qc5 Rf7 36. Rxf7+ Bxf7 37. hxg3 hxg3 38. c4 Bg6 39. Qa3 Bxe4 40. Qc3 Kf6 41.
Bxg3 Ke6 42. b4 Qh5 43. b5 Qd1+ 44. Kf2 Qd4+ 45. Qxd4 exd4 46. bxa6 bxa6 47. Bc7
d3 48. Bf4 Kf5 49. g3 Ke6 50. Ke3 Bf5 51. Kd4 Kd7 52. Kd5 Be6+ 53. Kc5 Kc8 54.
Kd4 Bf5 55. Ke5 Bg4 56. Kd6 Kb7 57. c5 Bf3 58. Be3 Kc8 59. c6 Bh5 60. Kc5 Bf3
61. Kb6 Be2 62. Bf4 Bf3 63. Bd2 Kb8 64. Be3 Kc8 65. Bf4 Be2 66. Bc1 Bf3 67. Kxa6
Bxc6 68. Kb6 Bf3 69. Ka7 Kd7 70. Kb8 1/2-1/2

[Event "Tata Steel India Rapid"]
[Site "Kolkata IND"]
[Date "2026.01.07"]
[Round "3.3"]
[White "Wei, Yi"]
[Black "So, Wesley"]
[Result "0-1"]
[WhiteTitle "GM"]
[BlackTitle "GM"]
[WhiteElo "2754"]
[BlackElo "2753"]
[WhiteFideId "8603405"]
[BlackFideId "5202213"]
[EventDate "2026.01.07"]

1. d4 d5 2. Nf3 Nf6 3. e3 e6 4. Nbd2 b6 5. Bb5+ c6 6. Bd3 c5 7. b3 Bb7 8. Bb2
Nc6 9. Qe2 Rc8 10. a3 cxd4 11. exd4 g6 12. h4 Bg7 13. O-O-O h5 14. Ne5 Nxe5 15.
dxe5 Nd7 16. Nf3 Nc5 17. Bb5+ Bc6 18. Bxc6+ Rxc6 19. Nd4 Rc8 20. Rh3 Qe7 21. Kb1
a6 22. b4 Na4 23. Qxa6 Qd7 24. Ba1 Bxe5 25. Re1 Bxd4 26. Bxd4 O-O 27. Qd3 Rc4
28. Rg3 Kh7 29. Rg5 f5 30. g4 Rfc8 31. gxf5 exf5 32. Reg1 Nc3+ 33. Kb2 Nb5 34.
Qf3 Rxc2+ 35. Kb1 R8c6 36. Rxh5+ gxh5 37. Qxh5+ Rh6 38. Qg5 Rc8 39. Be3 Nxa3+
40. Ka2 Rc2+ 41. Kxa3 Qa7+ 0-1

[Event "Tata Steel India Rapid"]
[Site "Kolkata IND"]
[Date "2026.01.07"]
[Round "3.4"]
[White "Erigaisi, Arjun"]
[Black "Nihal, Sarin"]
[Result "1-0"]
[WhiteTitle "GM"]
[BlackTitle "GM"]
[WhiteElo "2775"]
[BlackElo "2716"]
[WhiteFideId "35009192"]
[BlackFideId "25092340"]
[EventDate "2026.01.07"]

1. d4 Nf6 2. c4 e6 3. Nf3 d5 4. Nc3 Be7 5. cxd5 exd5 6. Bf4 O-O 7. e3 Bf5 8. Qb3
Nc6 9. a3 Na5 10. Qa2 a6 11. b4 Nc6 12. Be2 Na7 13. O-O c6 14. Rfc1 Nb5 15. Na4
Ne4 16. Qb2 g5 17. Be5 f6 18. Bg3 h5 19. h3 Nxg3 20. fxg3 Bd6 21. Nc5 Bxg3 22.
Qb3 Nd6 23. Nd2 Qe7 24. Bxh5 b6 25. Na4 b5 26. Rxc6 Nc4 27. Nb6 Rad8 28. e4 Bf4
29. exf5 Bxd2 30. Rd1 Qe4 31. Kh1 Qxd4 32. Qc2 Qf2 33. Bf3 Rfe8 34. Re6 Nxb6 35.
Rxd2 Qg3 36. Rde2 Rxe6 37. fxe6 Kg7 38. e7 Re8 39. Bh5 1-0

[Event "Tata Steel India Rapid"]
[Site "Kolkata IND"]
[Date "2026.01.07"]
[Round "3.5"]
[White "Aravindh, Chithambaram VR."]
[Black "Anand, Viswanathan"]
[Result "0-1"]
[WhiteTitle "GM"]
[BlackTitle "GM"]
[WhiteElo "2700"]
[BlackElo "2743"]
[WhiteFideId "5072786"]
[BlackFideId "5000017"]
[EventDate "2026.01.07"]

1. e4 e5 2. Nf3 Nc6 3. Bc4 Bc5 4. Nc3 Nf6 5. O-O d6 6. Na4 Bb6 7. d3 O-O 8. c3
Na5 9. Nxb6 axb6 10. Bb5 Bd7 11. Bxd7 Qxd7 12. b4 Nc6 13. a4 Nd8 14. Nh4 Ne6 15.
f4 exf4 16. Bxf4 Nxf4 17. Rxf4 Qe6 18. Nf3 d5 19. e5 Nd7 20. Qe1 Rfe8 21. d4 f6
22. Rh4 Qf5 23. Qd2 fxe5 24. dxe5 c6 25. Rf4 Qh5 26. Rh4 Qg6 27. Re1 Rxa4 28. c4
Ra3 29. Rh3 Rd3 30. Qa2 dxc4 31. Qxc4+ Rd5 32. Rd1 Nxe5 33. Nxe5 Rxe5 34. Rf3 h6
35. Rdf1 Kh7 36. Rg3 Rg5 37. Rxg5 Rxg5 38. Qe2 Rg4 39. b5 Qe4 40. Qa2 Rg5 41.
bxc6 bxc6 42. h3 b5 43. Rf8 Rd5 44. Rf1 c5 45. Kh1 b4 46. Qa8 b3 0-1

[Event "Tata Steel India Rapid"]
[Site "Kolkata IND"]
[Date "2026.01.08"]
[Round "4.1"]
[White "Wei, Yi"]
[Black "Aravindh, Chithambaram VR."]
[Result "1-0"]
[WhiteTitle "GM"]
[BlackTitle "GM"]
[WhiteElo "2754"]
[BlackElo "2700"]
[WhiteFideId "8603405"]
[BlackFideId "5072786"]
[EventDate "2026.01.07"]

1. d4 d5 2. c4 e6 3. Nf3 Nf6 4. Nc3 Be7 5. Bf4 O-O 6. e3 Nbd7 7. g4 dxc4 8. Bxc4
a6 9. g5 Nh5 10. Be5 c5 11. Be2 cxd4 12. Bxd4 Bxg5 13. Nxg5 Qxg5 14. Bxh5 e5 15.
Ne4 Qh4 16. Bf3 exd4 17. Qxd4 Qe7 18. Qd6 Qxd6 19. Nxd6 Ne5 20. Be4 Be6 21. b3
f5 22. Bxb7 Rad8 23. Rd1 Rd7 24. f4 Ng4 25. Ke2 a5 26. Rd4 Rc7 27. h3 Nf6 28.
Rhd1 h6 29. Ba6 g5 30. Bc4 Bxc4+ 31. Rxc4 Rd7 32. Nxf5 Rxd1 33. Kxd1 Nd5 34.
Nxh6+ Kh7 35. Ng4 gxf4 36. exf4 Nxf4 37. Ne5 Kg7 38. Rc7+ Kh6 39. Ra7 Nxh3 40.
Rxa5 Nf2+ 41. Ke2 Ne4 42. Kd3 Nf2+ 43. Ke3 Nd1+ 44. Ke2 Nc3+ 45. Kd3 Nd1 46.
Ng4+ Kg6 47. Kc2 Rd8 48. Re5 Rd4 49. Re1 1-0

[Event "Tata Steel India Rapid"]
[Site "Kolkata IND"]
[Date "2026.01.08"]
[Round "4.2"]
[White "Anand, Viswanathan"]
[Black "Erigaisi, Arjun"]
[Result "0-1"]
[WhiteTitle "GM"]
[BlackTitle "GM"]
[WhiteElo "2743"]
[BlackElo "2775"]
[WhiteFideId "5000017"]
[BlackFideId "35009192"]
[EventDate "2026.01.07"]

1. e4 e5 2. Nf3 Nc6 3. Bb5 a6 4. Ba4 Nf6 5. O-O Be7 6. d3 b5 7. Bb3 d6 8. a3 Na5
9. Ba2 c5 10. Nc3 Be6 11. Bg5 O-O 12. Bxf6 Bxf6 13. Nd5 c4 14. dxc4 Nxc4 15.
Bxc4 bxc4 16. Nxf6+ gxf6 17. Nh4 Rb8 18. Rb1 Kh8 19. b4 cxb3 20. cxb3 Rg8 21.
Re1 Rg4 22. Nf3 Qb6 23. Re3 f5 24. exf5 Bxf5 25. Rc1 a5 26. Nd2 Qb7 27. Rg3 Rd4
28. Qh5 Bg6 29. Qg5 Kg7 30. h3 h6 31. Qe3 Qd5 32. Nf1 Rd1 33. Kh2 Rxb3 34. Rxd1
Qxd1 35. Qxb3 Qxf1 36. Qb6 Qd1 37. Qxa5 h5 38. Qb4 d5 39. Re3 e4 40. Re1 Qd3 41.
a4 d4 42. a5 Kh7 43. Ra1 e3 44. fxe3 Qxe3 45. Qe1 Qf4+ 46. Kg1 d3 47. Qf2 Qe5
48. Ra2 Qc3 49. a6 Qc1+ 50. Kh2 Qc7+ 51. Qg3 Qc4 52. Ra5 d2 53. Qd6 d1=Q 54.
Qxd1 Qc7+ 55. Kh1 Qxa5 56. Qd6 Be4 57. Qd4 Qe1+ 58. Kh2 Qe2 0-1

[Event "Tata Steel India Rapid"]
[Site "Kolkata IND"]
[Date "2026.01.08"]
[Round "4.3"]
[White "Nihal, Sarin"]
[Black "Niemann, Hans Moke"]
[Result "1-0"]
[WhiteTitle "GM"]
[BlackTitle "GM"]
[WhiteElo "2716"]
[BlackElo "2725"]
[WhiteFideId "25092340"]
[BlackFideId "2093596"]
[EventDate "2026.01.07"]

1. d4 Nf6 2. Nf3 d5 3. c4 e6 4. e3 Be7 5. b3 O-O 6. Bd3 c5 7. O-O cxd4 8. exd4
b6 9. Nc3 Bb7 10. Bb2 Nc6 11. Re1 Nb4 12. Be2 dxc4 13. bxc4 Rc8 14. Ne5 Nc6 15.
Nxc6 Bxc6 16. Qb3 Ba8 17. Bf1 Bd6 18. h3 Bb8 19. Rad1 Ng4 20. hxg4 Qh4 21. Re5
g6 22. Rd3 Bxe5 23. dxe5 Qxg4 24. Rg3 Qh4 25. Nb5 Rc5 26. Qe3 h5 27. Ba3 Rfc8
28. Bxc5 Rxc5 29. Nxa7 Ra5 30. Qxb6 Rxa2 31. Qb8+ Kg7 32. Qxa8 Qd4 33. Qf3 Qxa7
34. Qf6+ Kg8 35. Rd3 1-0

[Event "Tata Steel India Rapid"]
[Site "Kolkata IND"]
[Date "2026.01.08"]
[Round "4.4"]
[White "Praggnanandhaa, R"]
[Black "Murzin, Volodar"]
[Result "1-0"]
[WhiteTitle "GM"]
[BlackTitle "GM"]
[WhiteElo "2758"]
[BlackElo "2652"]
[WhiteFideId "25059530"]
[BlackFideId "44155573"]
[EventDate "2026.01.07"]

1. e4 c6 2. d4 d5 3. e5 Bf5 4. h4 h5 5. Nd2 e6 6. Nb3 Bg4 7. Be2 Bxe2 8. Qxe2
Be7 9. Nf3 Nh6 10. Bxh6 Rxh6 11. g3 Nd7 12. c3 Rh8 13. Kf1 Qb6 14. Kg2 Qb5 15.
Qxb5 cxb5 16. a4 bxa4 17. Rxa4 a6 18. Ra2 Rc8 19. Rc1 Rc7 20. Rc2 f6 21. Re2 Kf7
22. Nc1 Nf8 23. Nd3 Ng6 24. Ra1 Re8 25. Rae1 Bd8 26. Ng1 Rce7 27. Nh3 Bc7 28.
Re3 f5 29. Ra1 Bd8 30. Ra3 Rc7 31. Re1 Be7 32. Rb3 Nf8 33. Ra1 Nd7 34. Kf3 Rb8
35. Ng5+ Bxg5 36. hxg5 Rc6 37. Ke3 Kg6 38. Kf4 Kf7 39. Rh1 g6 40. f3 a5 41. Ra3
b6 42. Raa1 Kg7 43. Ke3 Nf8 44. Kd2 Rbc8 45. Ra3 Nh7 46. f4 Nf8 47. b4 Nd7 48.
Rb1 axb4 49. Rxb4 Kf7 50. Rba4 Ke7 51. Ra7 Kd8 52. Kc2 Rc4 53. Kb2 R4c6 54. Nb4
R6c7 55. R7a6 Rb7 56. Rb3 Kc7 57. Nc2 Nb8 58. Ra1 Nc6 59. Na3 Na5 60. Nb5+ Kb8
61. Rb4 Nc4+ 62. Kc2 Rc6 63. Ra6 Kc8 64. Ra8+ Kd7 65. Rg8 Rc8 66. Rg7+ Kc6 67.
Rxg6 Re7 68. Nd6 Ra8 69. Nxc4 dxc4 70. Rxc4+ Kd5 71. Kd3 Ra1 72. Rb4 Rg1 73. c4+
Kc6 74. d5+ Kb7 75. Rxe6 1-0

[Event "Tata Steel India Rapid"]
[Site "Kolkata IND"]
[Date "2026.01.08"]
[Round "4.5"]
[White "So, Wesley"]
[Black "Vidit, Santosh Gujrathi"]
[Result "1/2-1/2"]
[WhiteTitle "GM"]
[BlackTitle "GM"]
[WhiteElo "2753"]
[BlackElo "2708"]
[WhiteFideId "5202213"]
[BlackFideId "5029465"]
[EventDate "2026.01.07"]

1. e4 e5 2. Nf3 Nc6 3. Bb5 Nf6 4. O-O Nxe4 5. d4 Nd6 6. Bxc6 dxc6 7. dxe5 Nf5 8.
Qxd8+ Kxd8 9. h3 Ke8 10. Nc3 b6 11. Rd1 Bb4 12. Ne2 Bb7 13. Ned4 Nxd4 14. Nxd4
Bc5 15. Nf5 Rg8 16. g4 h5 17. Bg5 hxg4 18. hxg4 f6 19. Bf4 Bc8 20. Re1 Kf7 21.
Rad1 Kg6 22. Nh4+ Kf7 23. Nf5 Kg6 24. Be3 Bxe3 25. Nxe3 fxe5 26. Nc4 Bxg4 27.
Nxe5+ Kh5 28. Nxg4 Kxg4 29. Rd7 g5 30. Kg2 c5 31. Rxc7 Rgf8 32. Re4+ Rf4 33. f3+
Kh5 34. Re6 g4 35. Re5+ Kg6 36. fxg4 Rxg4+ 37. Kf3 Ra4 38. Rc6+ Kf7 39. a3 Rd8
40. Rh5 Kg7 41. Rg5+ Kf7 42. Rf5+ Kg7 43. Rg5+ Kf7 44. Rh5 Kg7 45. Ke3 Re8+ 46.
Kf3 1/2-1/2